01639nam a2200361 a 4500001001000000003000500010005001700015008004100032010001100073011001100084040000900095090001000104100004600114245017900160260004100339500006000380502008200440590004100522590004000563590004000603590004000643650003500683650007500718650004000793650006700833856007000900901000700970942001000977942000600987999001900993952013001012952013501142000114328CHAP20220329144436.0180111s2017 mx sm |||||||spa d a110789 a111761 cCHAP aTesis1 aPiza Núñez, Estefania Grissel913427910aEvaluación del escurrimiento calculado con los metodos de Green-Ampt y curva numérica en la cuenca del río Chapingoh[En línea]cpor Estefania Grissel Piza Núñez. aChapingo, Méx. :bEl autor,c2017. aPara ver el contenido del material haga clic en la liga aTesis (Ing. en Recursos Naturales Renovables) -- UACH. Departamento de Suelos aE11695DGDb10c20180117lUCH01h1011 aE6339RRRb05c20180111lUCH01h1342 aE6339RRRb05c20180111lUCH01h1343 aE6339RRRb05c20180111lUCH01h134714aCuencas hidrológicas.93009214aCuencas hidrológicasxEscurrimientosxModelos matemáticos.913217614aEscurrimientosxMedición.913307514aEscurrimientosxMétodos gráficos en computación.9132331 aFinding aiduhttp://10.13.5.2/tesis/sist114328.pdfzTeclea aquí aBK cLIBRO n0 c110789d110789 00102local4051708TESISaBCbBCcPA_TESISd2018-01-11fTESISl0oTesisp114329-10r2019-12-31 00:00:00w2019-12-31yTESIS 00102local4053708TESISaBCbBCcPA_TESISd2018-01-11fLIBROl0oTesisp114329-20r2019-12-31 00:00:00tc.2w2019-12-31yTESIS